Lullaby or the ever -returning / (Record no. 164769)

MARC details
000 -LEADER
fixed length control field 00574nam a22001817a 4500
005 - DATE AND TIME OF LATEST TRANSACTION
control field 20190527121719.0
010 ## - LCCN (DPL NO)
LC control number ENG-125316
020 ## - INTERNATIONAL STANDARD BOOK NUMBER
International Standard Book Number 9788192225463
Terms of availability 125.00
035 ## - SYSTEM CONTROL NUMBER
System control number EN-108848
037 ## - SOURCE OF ACQUISITION
Source of stock number/acquisition DBAD/PUB
082 ## - DEWEY DECIMAL CLASSIFICATION NUMBER
Classification number 881
100 ## - MAIN ENTRY--PERSONAL NAME
Personal name Garcha, Sarabjeet
245 ## - TITLE STATEMENT
Title Lullaby or the ever -returning /
Statement of responsibility, etc by Sarabjeet Garcha
260 ## - PUBLICATION, DISTRIBUTION, ETC. (IMPRINT)
Place of publication, distribution, etc Mumbai
Name of publisher, distributor, etc Poetrywala
Date of publication, distribution, etc 2012
270 ## - ADDRESS
Address 1701/1702, 6A Whispering Palms, Lolhandwala Township
City Kandivali, Mumbai
Postal code 400101
Electronic mail address poetrywala@hotmail.com
300 ## - PHYSICAL DESCRIPTION
Extent 74p.
Dimensions 22cm(pbk)
942 ## - ADDED ENTRY ELEMENTS (KOHA)
Source of classification or shelving scheme Dewey Decimal Classification
Item type English Books
Classification part 881
Call number suffix GAR
Holdings
Withdrawn status Lost status Not for loan Collection code Home library Current library Date acquired Source of acquisition Cost, normal purchase price Full call number Barcode Copy number Cost, replacement price Koha item type
    Not For Loan Non-fiction D.B.Act.Division Central Library 27/05/2019 DBAD/PUB 200.00 881 GAR EN-108848 1 200.00 English Books

© Delhi Public Library
Hit Counter
free hit counter